000 00484nam a2200181Ia 4500
001 25320
005 20260414151142.0
008 260414t2020||||xx |||||||||||||| ||spa||
041 _aESP
082 _a346.46
_bS66
100 _aSolórzano Solórzano, Raúl R.
_eAUT
245 0 _aLa protección jurídica del derecho de autor y de los derechos conexos
_b
260 _c2020
300 _a159 páginas :
_c20 cm.
650 _aDER
654 _aCDE
942 _cLIB
_dJUS
_fJUS
_2ddc
_n
999 _c25320
_d25320